000
00326 a2200121 4500
000
nam a22 7a 4500
005
20260410120615.0
020
_a
9780670099658
100
_a
Ornit Shani
_9
1234642
245
_a
Assembling India’s Constitution : A New Democratic History
260
_b
Penguin Books
_c
2025
942
_c
TEXL
999
_c
1848213
_d
1848213